| 000 | 00596nam a22002057a 4500 | ||
|---|---|---|---|
| 999 |
_c3704 _d3704 |
||
| 003 | AR-CdUCM | ||
| 008 | 190307b ||||| |||| 00| 0 spa d | ||
| 020 | _a9972-31-016-7 | ||
| 040 |
_aMUNICIPALIDAD PROVINCIAL DEL CUSCO _cBIBLIOTECA MUNICIPAL DEL CUSCO |
||
| 082 |
_a869.25 / _bG965 |
||
| 100 |
_aGüiraldes, Ricardo _912011 |
||
| 245 | _aDon Segundo Sombra / | ||
| 260 |
_aLima : _b Informática Brasa Ediciones, _c2004. |
||
| 300 |
_a124 paginas ; _c20 cm. |
||
| 505 | _aNovela | ||
| 650 |
_aNovela _9572 |
||
| 650 |
_a Literatura Peruana _912012 |
||
| 942 |
_2ddc _cLIBROS |
||
| 945 | _awnts | ||